Dávno pestované odrody viniča - Merlot

Podrobná bibliografia
Hlavní autori: Pospíšilová, Dorota, 1930- (Autor), Sekera, Daniel (Autor), Šimora, Rastislav (Autor)
Médium: Článok
Jazyk:slovenčina

MARC

LEADER 00000nab a2200000 a 4500
001 vtls011103931
003 SK-MaSNL
005 20260303150209.0
008 230222|2010 xo |||||||||||||||||slo|
015 |a SNBRB 
035 |a (uuid)ef46402b-f4db-4ec0-8467-c523417ced01 
035 |a (urnnbn)urn:nbn:sk:snk:ar-a0850l 
035 |a urn:nbn:sk:snk-ab9ai4 
040 |a SNKBUCL  |b slo  |c SNKBUCL  |e AACR2 
041 0 |a slo 
044 |a xo  |c SK 
100 1 |a Pospíšilová, Dorota,  |d 1930-  |4 aut  |9 194839 
245 1 0 |a Dávno pestované odrody viniča - Merlot  |c Dorota Pospíšilová, Daniel Sekera, Rastislav Šimora 
700 1 |a Sekera, Daniel  |4 aut  |9 311225 
700 1 |a Šimora, Rastislav  |4 aut  |9 439265 
773 0 |t Vinič a víno : odborný časopis pre vinohradníkov a vinárov  |g Roč. 10, č. 2 (2010), s. 38-39 
954 |a odborná, vedecká literatúra pôvodná (slovenská)  |2 lita 
958 |a OND 
958 |a EUIPO 
958 |a article13 
999 |c 2008697  |d 2010627